00585nam a22001692 4500001001100000005001700011008004100028020001700069040001500086110004800101245014200149250001300291260003100304300001600335650006100351852000300412000001268020151217155852.0090309s xx 000 0 eng d a9211314151 : aKABUcKABU2 aAfrican Forum on Urban Poverty.@000016956810aProceedings of the Regional Workshop on Mainstreaming Urban Poverty Reduction in Sub-Saharan Africa 21-24 September 1998 Nairobi, Kenya. a1st ed. aNairobi :bHabitat,c1998. avii, 95 p. 0aUrban poorxCongresseszAfrica, Sub-Saharan.@00001695691